| 000 | 00665nam a2200229Ia 4500 | ||
|---|---|---|---|
| 003 | OSt | ||
| 005 | 20230509112902.0 | ||
| 008 | 210423s2013 xx 000 0 und d | ||
| 020 | _a978-81-8128-485-3 | ||
| 040 | _cAL | ||
| 041 | _aeng | ||
| 082 | _a515.8 GHOC | ||
| 100 |
_aGHORPADE (Sudhir R);LIMAYE (Balmohan V) _9100618 |
||
| 245 | _aCourse in calculus and real analysis: with 71 figures | ||
| 260 |
_aUSA _bSpringer Pvt Ltd _c2013 |
||
| 300 |
_ax,432 _bPB |
||
| 365 |
_b449 _cINR |
||
| 650 |
_aFunctions of Real Variables _9100619 |
||
| 650 |
_aMathematics _9100620 |
||
| 906 | _a71 ; analysis: ; calculus ; Course ; figures ; real | ||
| 942 |
_2ddc _cBK |
||
| 999 |
_c165606 _d165606 |
||